Nho giáo
সংরক্ষণ করুন:
| বিন্যাস: | গ্রন্থ |
|---|---|
| ট্যাগগুলো: |
ট্যাগ যুক্ত করুন
কোনো ট্যাগ নেই, প্রথমজন হিসাবে ট্যাগ করুন!
|
| Thư viện lưu trữ: | Mạng thư viện Đại học Đà Nẵng |
|---|
| LEADER | 00572nam a2200193 4500 | ||
|---|---|---|---|
| 001 | 000013817 | ||
| 003 | 10161 | ||
| 005 | 20150812150824.0 | ||
| 008 | 120323s sd | ||
| 245 | 0 | 0 | |a Nho giáo |c Trần, Trọng Kim |
| 774 | |a Trần, Trọng Kim |b In lần thứ 4 |d Tp Hồ Chí Minh |d Tân Việt |g Quyển thượng |h 451 tr. |t Nho giáo |w 10162 | ||
| OWN | |a LSP | ||
| 999 | |a From the UDN01 | ||
| TYP | |a Monograph | ||
| TYP | |a Printed language | ||
| 980 | |a Mạng thư viện Đại học Đà Nẵng | ||